ऋग्वेद युवाओं के लिए / (Record no. 120535)

MARC details
000 -LEADER
fixed length control field 01090nam a22002537a 4500
005 - DATE AND TIME OF LATEST TRANSACTION
control field 20170124103159.0
010 ## - LIBRARY OF CONGRESS CONTROL NUMBER
LC control number B-198069
020 ## - INTERNATIONAL STANDARD BOOK NUMBER
Terms of availability 200.00
International Standard Book Number 8188118915
035 ## - SYSTEM CONTROL NUMBER
System control number B-198069
037 ## - SOURCE OF ACQUISITION
Source of stock number/acquisition Cen Lib/Ret
040 ## - CATALOGING SOURCE
Original cataloging agency DPL
Language of cataloging HN
082 ## - DEWEY DECIMAL CLASSIFICATION NUMBER
Classification number 220.21
Item number सक्सेना
100 ## - MAIN ENTRY--PERSONAL NAME
Personal name सक्सेना, प्रवेश
9 (RLIN) 90922
245 ## - TITLE STATEMENT
Title ऋग्वेद युवाओं के लिए /
Statement of responsibility, etc प्रवेश सक्सेना
246 ## - VARYING FORM OF TITLE
Title proper/short title Rigved yuvaon ke liye /
Remainder of title by Pravesh Saksena
260 ## - PUBLICATION, DISTRIBUTION, ETC. (IMPRINT)
Place of publication, distribution, etc दिल्ली
Name of publisher, distributor, etc आर्य प्रकाशन मंडल
Date of publication, distribution, etc 2006
270 ## - ADDRESS
Address IX/221, सरस्वती भंडार, गांधीनगर
City दिल्ली
Postal code 110031
300 ## - PHYSICAL DESCRIPTION
Extent 208पृ.
Dimensions 20सेमी(सजिल्द)
650 ## - SUBJECT ADDED ENTRY--TOPICAL TERM
Topical term or geographic name as entry element बाइबिल -- हिन्दू
9 (RLIN) 90923
650 ## - SUBJECT ADDED ENTRY--TOPICAL TERM
Topical term or geographic name as entry element ऋग्वेद --हिन्दू धर्म
9 (RLIN) 90924
650 ## - SUBJECT ADDED ENTRY--TOPICAL TERM
Topical term or geographic name as entry element Bible - Hindu
9 (RLIN) 90925
650 ## - SUBJECT ADDED ENTRY--TOPICAL TERM
Topical term or geographic name as entry element Rigveda --hindu religion
9 (RLIN) 90926
942 ## - ADDED ENTRY ELEMENTS (KOHA)
Source of classification or shelving scheme Dewey Decimal Classification
Koha item type Hindi Books
Classification part 220.21
Call number suffix सक्सेना
Holdings
Withdrawn status Lost status Damaged status Not for loan Home library Current library Date acquired Source of acquisition Cost, normal purchase price Total Checkouts Full call number Barcode Date last seen Date checked out Copy number Cost, replacement price Price effective from Koha item type
        Central Library Central Library 23/09/2015 Cen Lib/Ret 200.00 3 220.21 सक्सेना B-198069 21/08/2019 10/08/2019 1 200.00 23/09/2015 Hindi Books

© Delhi Public Library
Hit Counter
free hit counter